[Event "XXXV Memorial Edoardo Crespi A"]
[Site "Milano ITA"]
[Date "2014.12.04"]
[Round "1"]
[White "Baronio, Gaia"]
[Black "Lavorgna, Giovanni"]
[WhiteElo "1792"]
[BlackElo "1961"]
[Result "1/2-1/2"]
[PlyCount "88"]
[EventDate "2014.12.04"]

1. e4 c5 2. Nf3 d6 3. d4 cxd4 4. Nxd4 Nf6 5. Nc3 Nc6 6. Be2 e6 7. O-O Be7 8.
Be3 O-O 9. Qd2 a6 10. a4 Qc7 11. Rfd1 Bd7 12. f4 Rac8 13. Nb3 d5 14. e5 Ne8 15.
Kh1 g6 16. a5 Ng7 17. Bg4 Bb4 18. Bb6 Qb8 19. Qe3 Bxc3 20. bxc3 Ne7 21. Nd4 Rc4
22. Be2 Nef5 23. Qh3 Rcc8 24. g4 Nxd4 25. Rxd4 Rc6 26. Rg1 Rfc8 27. Rg3 g5 28.
Bd3 gxf4 29. Qxh7+ Kf8 30. Rxf4 Rxb6 31. axb6 Qxe5 32. Rgf3 Be8 33. Bg6 f5 34.
gxf5 Rxc3 35. fxe6+ Ke7 36. Bxe8 Rxf3 37. Rxf3 Qe1+ 38. Kg2 Qe2+ 39. Kg3 Qe5+
40. Kh3 Qxe6+ 41. Kg3 Qe1+ 42. Kg2 Qe2+ 43. Rf2 Qg4+ 44. Kh1 Qd1+ 1/2-1/2

[Event "XXXV Memorial Edoardo Crespi A"]
[Site "Milano ITA"]
[Date "2014.12.04"]
[Round "1"]
[White "Beltrami, Francesco"]
[Black "Lavorgna, Filippo"]
[WhiteElo "1849"]
[BlackElo "1739"]
[Result "1/2-1/2"]
[PlyCount "153"]
[EventDate "2014.12.04"]

1. Nf3 Nf6 2. g3 e6 3. Bg2 Be7 4. b3 d5 5. Bb2 O-O 6. O-O c5 7. d4 cxd4 8. Nbd2
b6 9. Ne5 Bb7 10. Bxd4 Bc5 11. Ndf3 Nbd7 12. Nxd7 Nxd7 13. Bb2 Qe7 14. Ne5 Nxe5
15. Bxe5 f6 16. Bd4 Rfd8 17. Re1 Rac8 18. Bxc5 Qxc5 19. Rc1 e5 20. Bh3 Rb8 21.
c3 g6 22. Qc2 Bc8 23. b4 Qc4 24. Bf1 Qc6 25. Bg2 Be6 26. Qb2 Qd6 27. Red1 Rbc8
28. e4 d4 29. cxd4 Rxc1 30. Qxc1 exd4 31. Qb2 Kf7 32. h3 b5 33. Kh2 d3 34. Rd2
Bc4 35. a3 Ke7 36. h4 Qd4 37. Qc1 Rd6 38. Bf3 Rd7 39. Kg2 Kd8 40. Kg1 a6 41.
Kg2 Re7 42. Qe1 Rc7 43. Qe3 Qxe3 44. fxe3 Rd7 45. Bg4 Rd6 46. Kf2 Ke7 47. Bh3
Bb3 48. Bf1 Bc2 49. g4 Ke6 50. Kf3 Ke5 51. g5 fxg5 52. hxg5 Rd7 53. Kf2 Kxe4
54. Bg2+ Ke5 55. Bf1 Rf7+ 56. Ke1 Ke4 57. Rh2 Kxe3 58. Rh3+ Rf3 59. Rxf3+ Kxf3
60. Kd2 Kg4 61. Bg2 Kxg5 62. Bb7 Kf4 63. Bxa6 Ba4 64. Kxd3 g5 65. Ke2 g4 66.
Kf2 h5 67. Kg2 h4 68. Bb7 Bb3 69. Bc6 Bc4 70. a4 bxa4 71. Bxa4 h3+ 72. Kh2 Bf1
73. Bc6 g3+ 74. Kg1 g2 75. Kh2 Be2 76. Bxg2 hxg2 77. Kxg2 1/2-1/2

[Event "XXXV Memorial Edoardo Crespi A"]
[Site "Milano ITA"]
[Date "2014.12.04"]
[Round "1"]
[White "Bonassi, Tommaso"]
[Black "Sibajeva, Marija"]
[WhiteElo "1981"]
[BlackElo "1817"]
[Result "1-0"]
[PlyCount "53"]
[EventDate "2014.12.04"]

1. e4 e5 2. Nf3 Nc6 3. Bc4 Nf6 4. d3 Be7 5. c3 O-O 6. Bb3 h6 7. O-O d5 8. Qe2
dxe4 9. dxe4 Bg4 10. h3 Bh5 11. Nbd2 Qd7 12. Rd1 Rad8 13. Nf1 Qc8 14. Rxd8 Rxd8
15. Ng3 Bg6 16. Nh4 Bh7 17. Nhf5 Bf8 18. Qf3 Na5 19. Nxh6+ gxh6 20. Qxf6 Nxb3
21. axb3 Rd1+ 22. Kh2 Bg7 23. Qf3 Qd7 24. Nh5 Qd3 25. Nxg7 Qc2 26. Nh5 Rxc1 27.
Qf6 1-0

[Event "XXXV Memorial Edoardo Crespi A"]
[Site "Milano ITA"]
[Date "2014.12.04"]
[Round "1"]
[White "Cerioni, Armando"]
[Black "Botta, Massimiliano"]
[WhiteElo "1938"]
[BlackElo "1786"]
[Result "0-1"]
[PlyCount "82"]
[EventDate "2014.12.04"]

1. c4 Nf6 2. Nc3 g6 3. e4 d6 4. d4 Bg7 5. Nf3 O-O 6. Be2 e5 7. dxe5 dxe5 8.
Qxd8 Rxd8 9. Bg5 Re8 10. Nd5 Nxd5 11. cxd5 c6 12. Bc4 cxd5 13. Bxd5 Nd7 14. O-O
h6 15. Bh4 g5 16. Bg3 Nf6 17. Rfd1 Nxd5 18. Rxd5 f6 19. b3 Be6 20. Rc5 Bf8 21.
Rc7 b6 22. Rac1 Bd6 23. R7c6 Rad8 24. Kf1 Kf7 25. Nd2 Re7 26. Nb1 Bc5 27. Ke2
Bd7 28. R1xc5 bxc5 29. Rxc5 Rc8 30. Rxc8 Bxc8 31. Nd2 Ba6+ 32. Nc4 Bxc4+ 33.
bxc4 Rb7 34. Kd3 Rb2 35. c5 Ke6 36. a4 Rb4 37. f3 Rxa4 38. Be1 Kd7 39. g3 Kc6
40. Bf2 Ra3+ 41. Ke2 Ra2+ 0-1

[Event "XXXV Memorial Edoardo Crespi A"]
[Site "Milano ITA"]
[Date "2014.12.04"]
[Round "1"]
[White "Ciciotti, Augusto"]
[Black "Laurino, Alberto"]
[WhiteElo "1880"]
[BlackElo "1770"]
[Result "1-0"]
[PlyCount "121"]
[EventDate "2014.12.04"]

1. d4 Nf6 2. Nf3 e6 3. c4 d5 4. g3 b6 5. Bg2 Bb7 6. Nc3 Nc6 7. Qa4 Qd7 8. cxd5
Nxd5 9. O-O Nxc3 10. bxc3 Bd6 11. Qc2 O-O 12. Ng5 g6 13. Ne4 Be7 14. h4 Rab8
15. Ba3 Qd8 16. Bxe7 Qxe7 17. Qd2 Rfd8 18. Qh6 Rd7 19. Bh3 f5 20. Ng5 Re8 21.
e4 Qf6 22. Rae1 Rde7 23. exf5 exf5 24. Nxh7 Qg7 25. Qxg7+ Kxg7 26. Rxe7+ Rxe7
27. Ng5 Nd8 28. Bg2 Bxg2 29. Kxg2 Re2 30. Rd1 Rxa2 31. Re1 Kf8 32. Nh7+ Kf7 33.
Ng5+ Kf8 34. Ne6+ Nxe6 35. Rxe6 Kf7 36. Rc6 Re2 37. Rxc7+ Re7 38. Rc6 Re6 39.
Rc8 Re8 40. Rc4 a5 41. Ra4 Ke6 42. c4 Ra8 43. Kf3 Kd6 44. Kf4 Re8 45. f3 Re1
46. c5+ Kc6 47. cxb6 Kxb6 48. d5 Kb5 49. Rd4 Re8 50. d6 a4 51. Kg5 a3 52. Rd1
Kb4 53. d7 Rd8 54. Kf6 a2 55. Ke7 Ra8 56. d8=Q Rxd8 57. Kxd8 Kb3 58. g4 fxg4
59. fxg4 Kc2 60. Ra1 Kb2 61. Rxa2+ 1-0

[Event "XXXV Memorial Edoardo Crespi A"]
[Site "Milano ITA"]
[Date "2014.12.04"]
[Round "1"]
[White "Cordi', Domenico"]
[Black "Burani, Eugenio"]
[WhiteElo "2033"]
[BlackElo "1837"]
[Result "1-0"]
[PlyCount "119"]
[EventDate "2014.12.04"]

1. d4 Nf6 2. Nf3 c5 3. c3 b6 4. g3 Bb7 5. Bg2 g6 6. O-O Bg7 7. Nbd2 O-O 8. Re1
cxd4 9. cxd4 d5 10. b3 Nc6 11. Bb2 Rc8 12. Rc1 Bh6 13. a3 Re8 14. e3 e6 15. b4
Bg7 16. Qb3 Qd6 17. Ne5 Ne7 18. b5 Nd7 19. Nd3 Nb8 20. a4 Rxc1 21. Rxc1 Rc8 22.
Rxc8+ Nxc8 23. Qc3 Bf8 24. e4 Qd8 25. e5 Ne7 26. Bf1 Qc8 27. f4 Nf5 28. Kf2
Qxc3 29. Bxc3 a6 30. Nf3 a5 31. g4 Ng7 32. Ke3 Be7 33. Be1 h6 34. Bh4 Kf8 35.
Bxe7+ Kxe7 36. Nf2 Nd7 37. Bd3 Nf8 38. Nh1 Bc8 39. Ng3 Bd7 40. Nh4 g5 41. f5
Kd8 42. Nf3 Ne8 43. h4 gxh4 44. Nxh4 Bc8 45. f6 Nc7 46. Ne2 Ke8 47. Nf4 Bb7 48.
Nf3 Bc8 49. Kf2 Bd7 50. Nd2 Bc8 51. Nb1 Nd7 52. Kg3 Kf8 53. Kh4 Kg8 54. Kh5 Nf8
55. Kxh6 Bd7 56. Nc3 Be8 57. g5 Na8 58. g6 Nc7 59. g7 Nd7 60. Bh7# 1-0

[Event "XXXV Memorial Edoardo Crespi A"]
[Site "Milano ITA"]
[Date "2014.12.04"]
[Round "1"]
[White "De Vincentiis, Federico"]
[Black "Ventura, Salvatore"]
[WhiteElo "1842"]
[BlackElo "2049"]
[Result "1/2-1/2"]
[PlyCount "65"]
[EventDate "2014.12.04"]

1. d4 e6 2. c4 f5 3. g3 Nf6 4. Nc3 d5 5. cxd5 exd5 6. Bg2 c6 7. Nf3 Bd6 8. Ne5
O-O 9. f4 Be6 10. O-O Nbd7 11. e3 Qe7 12. Bd2 Kh8 13. Bf3 Ne4 14. Nxe4 dxe4 15.
Be2 Nb6 16. a3 a5 17. Rc1 c5 18. Bc3 a4 19. Qe1 Bb3 20. Bd1 c4 21. Ra1 Nd5 22.
Qd2 Rac8 23. Be2 b5 24. Rfc1 g5 25. Kh1 gxf4 26. gxf4 Rf6 27. Bh5 Rcf8 28. Rg1
Rh6 29. Rg5 Nf6 30. Be2 Qe6 31. Rag1 Nd5 32. Bh5 Nf6 33. Be2 1/2-1/2

[Event "XXXV Memorial Edoardo Crespi A"]
[Site "Milano ITA"]
[Date "2014.12.04"]
[Round "1"]
[White "Dei Giudici, Paolo"]
[Black "Sics, Maksims"]
[WhiteElo "1761"]
[BlackElo "1861"]
[Result "1-0"]
[PlyCount "49"]
[EventDate "2014.12.04"]

1. e4 c5 2. Nf3 e6 3. d4 cxd4 4. Nxd4 a6 5. Be3 Qc7 6. Nd2 Nf6 7. Bd3 d5 8. f4
dxe4 9. Nxe4 Nd5 10. Qd2 e5 11. fxe5 Qxe5 12. Nf3 Qxb2 13. Bd4 Qa3 14. O-O Nc6
15. Rae1 Nxd4 16. Nf6+ Kd8 17. Re8+ Kc7 18. Nxd5+ Kd7 19. Nxd4 Qc5 20. Qe3 Qxd5
21. c4 Qh5 22. Bf5+ Kc7 23. Qe5+ Kb6 24. Rb1+ Ka7 25. Nc6+ 1-0

[Event "XXXV Memorial Edoardo Crespi A"]
[Site "Milano ITA"]
[Date "2014.12.04"]
[Round "1"]
[White "Donadi, Luca"]
[Black "Blasco, Domenico"]
[WhiteElo "1785"]
[BlackElo "1902"]
[Result "1/2-1/2"]
[PlyCount "96"]
[EventDate "2014.12.04"]

1. e4 g6 2. d4 Bg7 3. Nc3 a6 4. Nf3 d6 5. Bc4 e6 6. Bg5 Ne7 7. a3 Nd7 8. Qd2 h6
9. Be3 b5 10. Bb3 Bb7 11. O-O Nf6 12. d5 e5 13. Rad1 Ng4 14. Ne2 Nxe3 15. Qxe3
O-O 16. Ng3 Bc8 17. c4 f5 18. exf5 gxf5 19. Qe2 Bd7 20. c5 Ng6 21. c6 Nf4 22.
Qc2 Bc8 23. Rfe1 h5 24. Ne2 Nxe2+ 25. Qxe2 Qf6 26. Bc2 Qh6 27. Qd2 f4 28. h3
Bf5 29. Bxf5 Rxf5 30. Qd3 Rf6 31. b3 Rff8 32. Re4 Rfb8 33. Rb4 Bf6 34. Qf5 a5
35. Re4 b4 36. a4 Rf8 37. Re2 Bd8 38. Qd3 Qg7 39. Qb5 Bf6 40. Qd3 Kh8 41. Kh2
Rg8 42. Rg1 Qg6 43. Qxg6 Rxg6 44. Nd2 Rag8 45. Ree1 Bh4 46. Ref1 R6g7 47. Nf3
Bf6 48. Nd2 Bh4 1/2-1/2

[Event "XXXV Memorial Edoardo Crespi A"]
[Site "Milano ITA"]
[Date "2014.12.04"]
[Round "1"]
[White "Giaretta, Fulvio"]
[Black "Ranfagni, Stefano"]
[WhiteElo "1815"]
[BlackElo "2016"]
[Result "0-1"]
[PlyCount "54"]
[EventDate "2014.12.04"]

1. e4 e6 2. d4 d5 3. Nd2 Nf6 4. e5 Nfd7 5. Bd3 c5 6. c3 Nc6 7. Ne2 cxd4 8. cxd4
f6 9. exf6 Nxf6 10. O-O Bd6 11. Nf3 O-O 12. Ng3 Bd7 13. Re1 Qc7 14. Be3 Ng4 15.
Bxh7+ Kh8 16. Nh4 Nf6 17. Bd3 Be8 18. Ng6+ Bxg6 19. Bxg6 Bf4 20. Nh5 Bxe3 21.
Rxe3 Ne4 22. Ng3 Nf6 23. Rxe6 Qf4 24. Rxf6 Rxf6 25. Qh5+ Qh6 26. Bf7 Qxh5 27.
Nxh5 Rxf7 0-1

[Event "XXXV Memorial Edoardo Crespi A"]
[Site "Milano ITA"]
[Date "2014.12.04"]
[Round "1"]
[White "Marinc, Damir"]
[Black "Casartelli, Fabio"]
[WhiteElo "2049"]
[BlackElo "1847"]
[Result "1-0"]
[PlyCount "61"]
[EventDate "2014.12.04"]

1. e4 e5 2. d4 exd4 3. Qxd4 Nc6 4. Qe3 d6 5. Nc3 Nf6 6. Bd2 Bg4 7. h3 Be6 8.
O-O-O Qe7 9. f4 g6 10. Nf3 Bg7 11. g4 O-O-O 12. Bb5 Bd7 13. g5 Nh5 14. Bxc6
Bxc6 15. Qxa7 Kd7 16. Qe3 Rhe8 17. Rhe1 Ra8 18. Nd4 Bxd4 19. Qxd4 Qf8 20. Be3
f6 21. e5 fxg5 22. fxg5 Re6 23. exd6 Rxd6 24. Qg4+ Qf5 25. Rxd6+ cxd6 26. Rf1
Qxg4 27. hxg4 Ng3 28. Rf7+ Ke6 29. Rxh7 Ne4 30. Ne2 Rxa2 31. Nf4+ 1-0

[Event "XXXV Memorial Edoardo Crespi A"]
[Site "Milano ITA"]
[Date "2014.12.04"]
[Round "1"]
[White "Mazzoccoli, Simone"]
[Black "Virzi, Ettore"]
[WhiteElo "1802"]
[BlackElo "1966"]
[Result "0-1"]
[PlyCount "44"]
[EventDate "2014.12.04"]

1. e4 e5 2. Nf3 Nc6 3. d4 exd4 4. Nxd4 Nf6 5. Nxc6 bxc6 6. Bd3 d5 7. exd5 cxd5
8. Nc3 Bb4 9. Bd2 O-O 10. O-O Bd7 11. Bg5 c6 12. a3 Bd6 13. h3 h6 14. Bxf6 Qxf6
15. Qd2 Rab8 16. Rab1 Rfe8 17. Rfe1 Rxe1+ 18. Qxe1 Be5 19. Na4 Re8 20. Qd2 Qh4
21. Nc3 Bxh3 22. gxh3 Qxh3 0-1

[Event "XXXV Memorial Edoardo Crespi A"]
[Site "Milano ITA"]
[Date "2014.12.04"]
[Round "1"]
[White "Miracola, Giorgia"]
[Black "Andolfatto, Maria"]
[WhiteElo "1856"]
[BlackElo "1751"]
[Result "1-0"]
[PlyCount "95"]
[EventDate "2014.12.04"]

1. e4 e5 2. Nf3 Nc6 3. Bc4 Bc5 4. O-O Nf6 5. d3 h6 6. c3 d6 7. Re1 O-O 8. Nbd2
Be6 9. Bb5 a6 10. Ba4 b5 11. Bc2 Bb6 12. Nf1 Ne7 13. d4 exd4 14. cxd4 c6 15.
Ng3 Re8 16. h3 Rc8 17. Be3 Nh7 18. Rc1 Rf8 19. b3 f5 20. exf5 Bxf5 21. Nxf5
Nxf5 22. Qd3 Qf6 23. d5 Bxe3 24. Rxe3 Ng5 25. Nxg5 Qxg5 26. Ree1 Nh4 27. Qg3
Qxg3 28. fxg3 Nf5 29. dxc6 Nxg3 30. b4 Kh8 31. Bb3 Rc7 32. Bd5 Nh5 33. Be6 Nf4
34. Bd7 Nd3 35. Rf1 Rd8 36. Rcd1 Ne5 37. Rxd6 Nxd7 38. cxd7 Rcxd7 39. Rxa6 Rd4
40. a3 R4d6 41. Ra7 R6d7 42. Ra5 Rb8 43. Rf5 Rdb7 44. Kf2 g6 45. Rf6 Rb6 46.
Rxb6 Rxb6 47. Ra7 Kg8 48. Ke3 1-0

[Event "XXXV Memorial Edoardo Crespi A"]
[Site "Milano ITA"]
[Date "2014.12.04"]
[Round "1"]
[White "Montaruli, Roberto"]
[Black "Sannino, Raffaele"]
[WhiteElo "1835"]
[BlackElo "2025"]
[Result "1/2-1/2"]
[PlyCount "85"]
[EventDate "2014.12.04"]

1. d4 g6 2. e4 Bg7 3. Nf3 d6 4. Bc4 a6 5. O-O e6 6. Nc3 b5 7. Bb3 Bb7 8. Qe2
Ne7 9. Bg5 O-O 10. Rae1 h6 11. Be3 Nd7 12. a3 Nf6 13. e5 Nfd5 14. exd6 cxd6 15.
Bd2 Rc8 16. Nxd5 Nxd5 17. c4 bxc4 18. Bxc4 Qb6 19. Rc1 Kh7 20. b4 Ne7 21. Bd3
Nc6 22. Be3 d5 23. Rc5 Nb8 24. Rfc1 Nd7 25. Rxc8 Rxc8 26. Rxc8 Bxc8 27. Qc2 Bb7
28. h4 Qd6 29. h5 e5 30. hxg6+ fxg6 31. dxe5 Nxe5 32. Nxe5 Bxe5 33. Bc5 Qf6 34.
Qe2 Kg7 35. Qg4 Qc6 36. f4 Bb2 37. f5 g5 38. Bd4+ Bxd4+ 39. Qxd4+ Qf6 40. Qa7
Qc6 41. Qd4+ Qf6 42. Qa7 Qc6 43. Qd4+ 1/2-1/2

[Event "XXXV Memorial Edoardo Crespi A"]
[Site "Milano ITA"]
[Date "2014.12.04"]
[Round "1"]
[White "Monticone, Sonia"]
[Black "Regorda, Vittorio"]
[WhiteElo "1902"]
[BlackElo "1780"]
[Result "0-1"]
[PlyCount "78"]
[EventDate "2014.12.04"]

1. c4 e5 2. Nc3 g6 3. d4 Bg7 4. d5 d6 5. e4 Ne7 6. Be2 O-O 7. g4 Na6 8. h4 f5
9. exf5 gxf5 10. g5 Nc5 11. h5 e4 12. Nh3 Be5 13. Nf4 c6 14. Be3 Qa5 15. Bd2
Qb6 16. Qc2 cxd5 17. cxd5 Bd7 18. O-O-O Rac8 19. h6 Na4 20. Nh5 Nxd5 21. Nf6+
Nxf6 22. gxf6 Nxc3 23. Bxc3 Rxf6 24. Qd2 Qc5 25. Kb1 Bxc3 26. bxc3 f4 27. Rdg1+
Kh8 28. Rc1 Bf5 29. Ka1 Bg6 30. Qb2 b6 31. Bg4 Rcf8 32. Qe2 b5 33. Qb2 a6 34.
Rhd1 Bf5 35. Bxf5 Qxf5 36. c4 Qe5 37. Qxe5 dxe5 38. Re1 Rxh6 39. c5 Rh2 0-1

[Event "XXXV Memorial Edoardo Crespi A"]
[Site "Milano ITA"]
[Date "2014.12.04"]
[Round "1"]
[White "Mouflih, Caesar Faycal"]
[Black "Calcagno, Stefano"]
[WhiteElo "2023"]
[BlackElo "1828"]
[Result "1-0"]
[PlyCount "95"]
[EventDate "2014.12.04"]

1. e4 c5 2. Nf3 d6 3. c4 Nf6 4. Nc3 g6 5. Be2 Bg7 6. d4 cxd4 7. Nxd4 Nc6 8. Be3
O-O 9. O-O Bd7 10. Qd2 Ng4 11. Bxg4 Bxg4 12. f3 Bd7 13. Nde2 Rc8 14. Rac1 Qa5
15. Rfd1 Rfd8 16. b3 Be8 17. Qe1 Rd7 18. Qf2 b6 19. Rd5 Qa6 20. Rcd1 Qb7 21. g4
Ne5 22. Kg2 Rdc7 23. h4 Bc6 24. R5d2 Bd7 25. Nd5 Bxg4 26. fxg4 Nxg4 27. Qg3 h5
28. Bd4 Bh6 29. Rd3 Rd7 30. Rf3 e6 31. Ndc3 f5 32. exf5 exf5 33. Nd5 Re8 34.
Nec3 Kf7 35. Re1 Rdd8 36. Nb5 Qd7 37. Rff1 Bf8 38. Qd3 Rxe1 39. Rxe1 Re8 40.
Qd2 Bh6 41. Qd1 Rxe1 42. Qxe1 f4 43. Qe4 Ne3+ 44. Nxe3 fxe3 45. Nc3 Qf5 46.
Qxf5+ gxf5 47. Kf3 f4 48. Nd5 1-0

[Event "XXXV Memorial Edoardo Crespi A"]
[Site "Milano ITA"]
[Date "2014.12.04"]
[Round "1"]
[White "Nepi, Ezio"]
[Black "Moreschi, Mauro"]
[WhiteElo "1962"]
[BlackElo "1795"]
[Result "1-0"]
[PlyCount "133"]
[EventDate "2014.12.04"]

1. d4 d5 2. c4 c6 3. Nf3 e6 4. Qc2 Nf6 5. g3 Nbd7 6. Bg2 Bb4+ 7. Nbd2 Ne4 8.
O-O Nxd2 9. Bxd2 Bxd2 10. Nxd2 O-O 11. e4 Nb6 12. c5 Nd7 13. Rad1 Nf6 14. e5
Ng4 15. Rfe1 f5 16. f4 Bd7 17. b4 g5 18. h3 Nh6 19. Rf1 Be8 20. Nb3 g4 21. h4
a6 22. a4 Qc7 23. Ra1 Bd7 24. Rfb1 Nf7 25. Bf1 Rfb8 26. Bd3 h5 27. Qe2 Nd8 28.
b5 axb5 29. axb5 cxb5 30. Bxb5 Nc6 31. Qb2 Kf7 32. Rxa8 Rxa8 33. Ra1 Qc8 34.
Bxc6 Bxc6 35. Na5 Ra6 36. Qb4 Qa8 37. Ra3 Ke8 38. Kf2 Kd7 39. Ke1 Kc8 40. Kd2
Kd7 41. Kc1 Kc8 42. Kb2 Kd7 43. Nb3 Rxa3 44. Qxa3 Qxa3+ 45. Kxa3 Kc7 46. Kb4
Be8 47. Ka5 Kc6 48. Nc1 Kc7 49. Na2 Kc6 50. Nc3 Kc7 51. Nb5+ Kc6 52. Nd6 Bg6
53. Ka4 b6 54. Nc8 bxc5 55. Ne7+ Kd7 56. Nxg6 c4 57. Nf8+ Ke7 58. Nh7 Kf7 59.
Nf6 Kg6 60. Kb4 Kh6 61. Nd7 Kg6 62. Nc5 Kf7 63. Na4 Ke7 64. Kc5 Kd7 65. Nc3 Kc7
66. Nb5+ Kd7 67. Kb6 1-0

[Event "XXXV Memorial Edoardo Crespi A"]
[Site "Milano ITA"]
[Date "2014.12.04"]
[Round "1"]
[White "Ni, Polina"]
[Black "Nordio, Giorgio"]
[WhiteElo "1864"]
[BlackElo "1766"]
[Result "1-0"]
[PlyCount "102"]
[EventDate "2014.12.04"]

1. e4 c6 2. d4 d5 3. e5 Bf5 4. Nc3 e6 5. g4 Bg6 6. h4 h6 7. Be3 Nd7 8. Nge2 Be7
9. h5 Bh7 10. Qd2 a6 11. Ng3 c5 12. Bd3 Bxd3 13. Qxd3 cxd4 14. Bxd4 Bc5 15. f4
Qc7 16. O-O-O O-O-O 17. Rhe1 Ne7 18. Kb1 Nc6 19. Bxc5 Nxc5 20. Qd2 Kb8 21. a3
Ka8 22. Qf2 Nd7 23. Rd3 Rc8 24. Nf1 Na5 25. Nd2 b5 26. Qd4 Nc4 27. Nxd5 Qb7 28.
Nc3 Nc5 29. Nxc4 Nxd3 30. Nd6 Qc6 31. Qxd3 Rc7 32. Qe4 Qxe4 33. Rxe4 Rd7 34. a4
bxa4 35. Nxa4 Ka7 36. c4 Rb8 37. c5 Rc7 38. b4 Re7 39. Kc2 f6 40. Nb6 Rc7 41.
Na4 fxe5 42. fxe5 Rf8 43. Kc3 Rf3+ 44. Kc4 Rf1 45. b5 Kb8 46. bxa6 Ra7 47. Kb5
Kc7 48. Ne8+ Kd8 49. Kb6 Ra8 50. Nd6 Rb1+ 51. Ka5 Rf1 1-0

[Event "XXXV Memorial Edoardo Crespi A"]
[Site "Milano ITA"]
[Date "2014.12.04"]
[Round "1"]
[White "Pollio, Ciro"]
[Black "Piantoni, Pierino"]
[WhiteElo "1774"]
[BlackElo "1889"]
[Result "1/2-1/2"]
[PlyCount "47"]
[EventDate "2014.12.04"]

1. d4 d5 2. c4 e6 3. cxd5 exd5 4. Nc3 c5 5. Nf3 Nc6 6. Bg5 Be7 7. Bxe7 Ngxe7 8.
e3 Qa5 9. dxc5 O-O 10. Be2 Qxc5 11. O-O Rd8 12. Nb5 Qb4 13. b3 Bf5 14. Nbd4 Bg6
15. a3 Qd6 16. b4 a6 17. Rc1 f6 18. Qb3 Bf7 19. Rc3 Ne5 20. Rfc1 Rac8 21. Rxc8
Rxc8 22. Rxc8+ Nxc8 23. Qc3 Nc4 24. Nd2 1/2-1/2

[Event "XXXV Memorial Edoardo Crespi A"]
[Site "Milano ITA"]
[Date "2014.12.04"]
[Round "1"]
[White "Primerano, Carlo"]
[Black "Quagliarella, Sabino Remo"]
[WhiteElo "1719"]
[BlackElo "1848"]
[Result "0-1"]
[PlyCount "62"]
[EventDate "2014.12.04"]

1. d4 Nf6 2. c4 c5 3. d5 d6 4. Nc3 g6 5. e4 Bg7 6. Bd3 O-O 7. h3 Nbd7 8. Nf3 a6
9. O-O Nh5 10. Bg5 h6 11. Be3 Ne5 12. Nxe5 dxe5 13. Bxc5 Nf4 14. Kh2 Qd7 15.
Qf3 Qc7 16. Ba3 Nxd3 17. Qxd3 f5 18. f3 Rf7 19. Rad1 Bd7 20. d6 exd6 21. Bxd6
Qc6 22. c5 Be6 23. Nd5 Rd8 24. Qa3 Re8 25. Qc3 fxe4 26. Nb4 Qb5 27. Bxe5 Bxe5+
28. Qxe5 Qxb4 29. Rd6 Rf5 30. Qg3 Rg5 31. Qf2 Qxc5 0-1

[Event "XXXV Memorial Edoardo Crespi A"]
[Site "Milano ITA"]
[Date "2014.12.04"]
[Round "1"]
[White "Valdettaro, Filippo"]
[Black "Bisignano, Giuseppe"]
[WhiteElo "1750"]
[BlackElo "1850"]
[Result "0-1"]
[PlyCount "70"]
[EventDate "2014.12.04"]

1. e4 e5 2. Nf3 Nc6 3. d4 exd4 4. c3 dxc3 5. Bc4 d6 6. Nxc3 Be6 7. Bxe6 fxe6 8.
Qb3 Qc8 9. Ng5 Nd4 10. Qa4+ Nc6 11. Qc4 Ne5 12. Qb3 Nd3+ 13. Ke2 Nc5 14. Qc4 c6
15. b4 b5 16. Qd4 e5 17. Qe3 Qg4+ 18. Nf3 Ne6 19. h3 Qxg2 20. Bb2 Nf4+ 21. Kd2
Qg6 22. Nh4 Qg5 23. Nf5 Ne6 24. Qxg5 Nxg5 25. Ke3 Nf6 26. a4 d5 27. exd5 cxd5
28. Nxb5 d4+ 29. Kd3 g6 30. Nfxd4 exd4 31. Nc7+ Kf7 32. Nxa8 Ne6 33. Bxd4 Nxd4
34. Kxd4 Bg7 35. Nc7 Ne8+ 0-1

[Event "XXXV Memorial Edoardo Crespi A"]
[Site "Milano ITA"]
[Date "2014.12.04"]
[Round "1"]
[White "Villalba, Fernando"]
[Black "Ferrari, Claudio"]
[WhiteElo "1848"]
[BlackElo "1969"]
[Result "0-1"]
[PlyCount "62"]
[EventDate "2014.12.04"]

1. d4 d5 2. Nf3 Nf6 3. Bf4 Bf5 4. e3 e6 5. h3 Bd6 6. Ne5 Nbd7 7. Nd2 O-O 8.
Ndf3 Ne4 9. Be2 Qe7 10. O-O c5 11. c3 c4 12. Rc1 Nxe5 13. dxe5 Bc7 14. Nd4 Bg6
15. b3 cxb3 16. axb3 Nc5 17. Bh2 Nd7 18. f4 Bb6 19. Bd3 Bxd3 20. Qxd3 Nc5 21.
Qe2 f5 22. Qh5 Ne4 23. g4 Bxd4 24. exd4 Nd2 25. Rf2 Nxb3 26. Rcf1 Rac8 27. gxf5
Rxf5 28. Qf3 Qc7 29. Rc2 Nxd4 30. Qd1 Nxc2 31. Qxc2 Qxc3 0-1

[Event "XXXV Memorial Edoardo Crespi A"]
[Site "Milano ITA"]
[Date "2014.12.04"]
[Round "1"]
[White "Ziedins, Roberts"]
[Black "Pecorario, Stefano"]
[WhiteElo "1770"]
[BlackElo "1877"]
[Result "1-0"]
[PlyCount "109"]
[EventDate "2014.12.04"]

1. e4 e5 2. Nf3 Nc6 3. d4 exd4 4. Nxd4 Nf6 5. Nc3 Bc5 6. Be3 Bxd4 7. Bxd4 Nxd4
8. Qxd4 O-O 9. e5 Ne8 10. O-O-O d6 11. Ne4 Bf5 12. Ng3 Be6 13. f4 c5 14. Qd2
Qd7 15. Ne4 Qa4 16. Nc3 Qa5 17. a3 dxe5 18. fxe5 Nc7 19. Ne4 Qxd2+ 20. Rxd2 b6
21. Be2 Rad8 22. Rhd1 Rd5 23. Rxd5 Bxd5 24. Nc3 Bxg2 25. Rd7 Ne6 26. Rxa7 Bc6
27. a4 Ra8 28. Rxa8+ Bxa8 29. Bc4 Kf8 30. Bd5 Nc7 31. Bxa8 Nxa8 32. Nd5 Ke8 33.
Kd2 Kd7 34. Kd3 Kc6 35. Kc4 Nc7 36. Nxc7 Kxc7 37. Kd5 g5 38. Ke4 h5 39. Kf5 Kd7
40. Kxg5 Ke6 41. Kxh5 Kxe5 42. Kg5 f5 43. h4 f4 44. h5 f3 45. h6 f2 46. h7 f1=Q
47. h8=Q+ Kd6 48. Qf6+ Qxf6+ 49. Kxf6 Kd5 50. Ke7 Kc4 51. Kd6 Kb4 52. Kc6 Kxa4
53. Kxb6 Kb4 54. Kc6 Kc4 55. c3 1-0

[Event "XXXV Memorial Edoardo Crespi A"]
[Site "Milano ITA"]
[Date "2014.12.05"]
[Round "2"]
[White "Andolfatto, Maria"]
[Black "Giaretta, Fulvio"]
[WhiteElo "1751"]
[BlackElo "1815"]
[Result "1/2-1/2"]
[PlyCount "106"]
[EventDate "2014.12.04"]

1. Nf3 d5 2. b3 Nc6 3. Bb2 Bg4 4. d3 Nf6 5. g3 e6 6. Bg2 Bd6 7. Nbd2 O-O 8. O-O
Qe7 9. Re1 Rad8 10. c4 Bb4 11. a3 Bxd2 12. Nxd2 e5 13. cxd5 Nxd5 14. Rc1 Rd7
15. Ne4 Rb8 16. Nc5 Rd6 17. Nxb7 Rxb7 18. Rxc6 Rxc6 19. Bxd5 Rbb6 20. Bxc6 Rxc6
21. b4 Bd7 22. Qd2 h5 23. Qe3 h4 24. Qxe5 Qxe5 25. Bxe5 hxg3 26. hxg3 f6 27.
Bd4 a6 28. Bc5 Re6 29. e4 Bb5 30. d4 f5 31. e5 Bc6 32. Kf1 Bb5+ 33. Kg2 g5 34.
d5 Rh6 35. Rh1 Rxh1 36. Kxh1 Kf7 37. Kg2 g4 38. f3 Kg6 39. f4 Kf7 40. Kf2 Bc4
41. d6 cxd6 42. exd6 Bb5 43. Ke3 Ke6 44. Kd4 Ba4 45. d7 Bxd7 46. Bf8 Bb5 47.
Kc5 Kd7 48. Kb6 Kc8 49. Ka5 Kb7 50. a4 Bd3 51. b5 axb5 52. axb5 Be4 53. b6 Bf3
1/2-1/2

[Event "XXXV Memorial Edoardo Crespi A"]
[Site "Milano ITA"]
[Date "2014.12.05"]
[Round "2"]
[White "Bisignano, Giuseppe"]
[Black "Mouflih, Caesar Faycal"]
[WhiteElo "1850"]
[BlackElo "2023"]
[Result "0-1"]
[PlyCount "100"]
[EventDate "2014.12.04"]

1. e4 e5 2. Nf3 Nc6 3. Bc4 d6 4. d4 exd4 5. Nxd4 Bd7 6. O-O g6 7. Nc3 Bg7 8.
Be3 Nge7 9. f4 O-O 10. Qd2 a6 11. a4 Kh8 12. f5 Ne5 13. Be2 Ng8 14. fxg6 fxg6
15. Rxf8 Qxf8 16. Rf1 Qe8 17. Bg5 Bxa4 18. Nxa4 Qxa4 19. b4 Qd7 20. c3 Rf8 21.
Rxf8 Bxf8 22. Qa2 Be7 23. Bf4 Nf6 24. Bf3 Nxf3+ 25. gxf3 c5 26. Ne6 d5 27. Ng5
Nh5 28. Nf7+ Kg7 29. Ne5 Qd8 30. Bh6+ Kg8 31. exd5 Qd6 32. bxc5 Qxc5+ 33. Kg2
Bd6 34. Qb3 b5 35. Nc6 Ng7 36. Nd4 Nf5 37. Ne6 Qc4 38. Qxc4 bxc4 39. Bg5 h6 40.
Bf4 Bxf4 41. Nxf4 g5 42. Ne6 Ne3+ 43. Kg3 Nxd5 44. Nc5 Nxc3 45. Nxa6 Na2 46.
Nc5 c3 47. h4 c2 48. Nd3 gxh4+ 49. Kxh4 c1=Q 50. Nxc1 Nxc1 0-1